header

A venture in Africa (Record no. 114479)

MARC details
000 -LEADER
fixed length control field 01296nam a2200337Ia 4500
082 04 - DEWEY DECIMAL CLASSIFICATION NUMBER
Classification number 338.7096
100 1# - MAIN ENTRY--AUTHOR NAME
Personal name Sardanis, Andrew.
245 12 - TITLE STATEMENT
Title A venture in Africa
260 ## - PUBLICATION, DISTRIBUTION, ETC. (IMPRINT)
Place of publication London :
Name of publisher I. B. Tauris,
Year of publication 2007.
300 ## - PHYSICAL DESCRIPTION
Number of Pages ix, 274 p. :
Other physical details ill., 1 map.
650 #0 - SUBJECT ADDED ENTRY--TOPICAL TERM
Topical Term Businesspeople
Topical Term Business enterprises
856 40 - ELECTRONIC LOCATION AND ACCESS
Uniform Resource Identifier http://site.ebrary.com/lib/rucke/Doc?id=10194029

No items available.

© 2026 Rongo University
Contact us: librarian | system librarian | Rongo university